000 00618nam a22001937a 4500
999 _c61761
_d61761
005 20240429170249.0
008 240429s2003 enk||||| |||| 00| 0 eng d
020 _a9780702026683x
041 _aeng
080 _a‎ 9780702026683x
100 _aMir, M. Azfal
_921987
245 _aAtlas of Clinical Diagnosis /
_c M. Azfal Mir.
250 _aSecond Edition
264 _aEdinburgh :
_bSaunders,
_c2003.
300 _a270 p.:
_bill.;
_c28 cm.
653 _aკლინიკური დიაგნოსტიკის ატლასი
653 _aმედიცინა
942 _2udc
_cᲬᲘᲒᲜᲘ